Statistics for WWE Finishers

Click here to take the quiz!

General Stats

  • This quiz has been taken 67,277 times
  • The average score is 16 of 20

Answer Stats

FinisherWrestler% Correct
Tombstone PiledriverThe Undertaker
96%
RKORandy Orton
95%
619Rey Mysterio
92%
F-5Brock Lesnar
90%
PedigreeTriple H
89%
Attitude AdjustmentJohn Cena
88%
Tombstone PiledriverKane
87%
Brogue KickSheamus
87%
Sweet Chin MusicShawn Michaels
86%
Zig ZagDolph Ziggler
85%
Go to SleepCM Punk
84%
Trouble in ParadiseKofi Kingston
79%
Sister AbigailBray Wyatt
78%
Skull Crushing FinaleThe Miz
76%
CodebreakerChris Jericho
72%
Five Star Frog SplashRob Van Dam
65%
Triple PowerbombThe Shield
60%
Patriot LockJack Swagger
58%
WMDBig Show
57%
KillswitchChristian
57%

Score Distribution

Percentile by Number Answered

Percent of People with Each Score

Your Score History

You have not taken this quiz